LEADER 01205nam a2200325 i 4500 001 991001125899707536 005 20020507111628.0 008 970308s1979 us ||| | eng 020 $a0387091874 035 $ab10177280-39ule_inst 035 $aLE00642577$9ExL 040 $aDip.to Fisica$bita 084 $a53.1.64 084 $a510.46 084 $a512'.55 084 $aQA326.B74 100 1 $aBratteli, Ola$045286 245 10$aOperator algebras and quantum statistical mechanics 1 :$bC*- and W*- algebras symmetry groups decomposition of states /$cOla Bratteli, Derek W. Robinson 260 $aNew York :$bSpringer-Verlag,$c1979 300 $axii, 500 p. :$b25 cm. 490 0 $aTexts and monographs in physics 500 $aIncludes bibliographical references and index. 650 4$aOperator algebras 700 1 $aRobinson, Derek W. 907 $a.b10177280$b17-02-17$c27-06-02 912 $a991001125899707536 945 $aLE006 53.1.64 BRA$g1$i2006000043991$lle006$o-$pE0.00$q-$rl$s- $t0$u1$v0$w1$x0$y.i10217502$z27-06-02 996 $aOperator algebras and quantum statistical mechanics 1$9189246 997 $aUNISALENTO 998 $ale006$b01-01-97$cm$da $e-$feng$gus $h0$i1 LEADER 01755oam 2200469 450 001 9910717276103321 005 20220308092308.0 035 $a(CKB)5470000002529463 035 $a(OCoLC)1151314228 035 $a(EXLCZ)995470000002529463 100 $a20200420d1985 ua 0 101 0 $aeng 135 $aurn|||||||||| 181 $ctxt$2rdacontent 182 $cc$2rdamedia 183 $acr$2rdacarrier 200 10$aEvaluation of surface geophysical methods for collection of hydrogeologic data in the Nebraska Sand Hills region /$fby Michael J. Ellis and Robert A. Hiergesell ; prepared in cooperation with the Nebraska Natural Resources Commission 210 1$aLincoln, Nebraska :$cUnited States Geological Survey,$d1985. 215 $a1 onlilne resource (v, 56 pages) $cillustrations, maps 225 1 $aWater-resources investigations report ;$v85-4195 320 $aIncludes bibliographical references (pages 46-48). 606 $aGeophysics$zNebraska$xMethodology 606 $aGroundwater$zNebraska 606 $aGeophysics$xMethodology$2fast 606 $aGroundwater$2fast 607 $aNebraska$2fast 615 0$aGeophysics$xMethodology. 615 0$aGroundwater 615 7$aGeophysics$xMethodology. 615 7$aGroundwater. 700 $aEllis$b M. J$g(Michael Joseph),$f1932-$01389812 702 $aHiergesell$b Robert A. 712 02$aGeological Survey (U.S.), 712 02$aNebraska Natural Resources Commission. 801 0$bUND 801 1$bUND 801 2$bOCLCO 801 2$bGPO 906 $aBOOK 912 $a9910717276103321 996 $aEvaluation of surface geophysical methods for collection of hydrogeologic data in the Nebraska Sand Hills region$93441830 997 $aUNINA